El trabajo oral y escrito: guía para estudiantes, empleados y profesionales

Sábháilte in:
Sonraí bibleagrafaíochta
Príomhchruthaitheoirí: Nowodworsky Carmona, Edmundo (autor), Sarmiento P., Patricio (Údar)
Formáid: LEABHAR
Teanga:Spáinnis
Foilsithe / Cruthaithe: Viña del Mar Universitas 1981
Eagrán:2a. ed
Ábhair:
Clibeanna: Cuir clib leis
Níl clibeanna ann, Bí ar an gcéad duine le clib a chur leis an taifead seo!

MARC

LEADER 00000cam a2200000 a 4500
001 UCY8559
003 CL-VaPUC
008 950703e19810000CL |||||||||||||||||spa|d
082 0 4 |a 001.42  |b NOW  |2 21 
100 |a Nowodworsky Carmona, Edmundo  |e autor  |9 874726 
700 0 |a Sarmiento P., Patricio  |e author  |9 340016 
245 1 3 |a El trabajo oral y escrito: guía para estudiantes, empleados y profesionales 
250 |a 2a. ed 
300 |a 55 p 
942 |c BK 
945 |d 19950703 00:00:00  |a cmena 
260 |a Viña del Mar  |b Universitas  |c 1981 
650 0 |x Redacción  |9 255241 
650 7 |a REDACCION DE INFORMES  |2 CL-VaPUC  |9 340017 
650 0 |a Informes técnicos  |9 259856 
650 0 |a Métodos de estudio  |9 260518 
583 |a last modification  |c 20150825 09:19:23  |k Rodrigo Vera 
999 |c 235792  |d 235790 
952 |0 0  |1 0  |4 0  |6 001_420000000000000_NOW_1981  |7 0  |8 P  |9 243430  |a BIBEDU  |b BIBEDU  |c BIBEDU_PB  |d 2019-11-18  |i 1524836  |o 001.42 NOW 1981  |p 1524836  |r 2024-01-25  |w 2019-11-18  |y BK  |k EDU 
952 |0 0  |1 0  |4 0  |6 001_420000000000000_NOW_1981  |7 0  |8 P  |9 243431  |a BIBEDU  |b BIBEDU  |c BIBEDU_PB  |d 2019-11-18  |i 1524844  |o 001.42 NOW 1981  |p 1524844  |r 2024-01-25  |w 2019-11-18  |y BK  |k EDU 
952 |0 0  |1 0  |4 0  |6 001_420000000000000_NOW_1981  |7 0  |8 P  |9 243432  |a BIBEDU  |b BIBEDU  |c BIBEDU_PB  |d 2019-11-18  |i 1999125  |o 001.42 NOW 1981  |p 1999125  |r 2024-01-25  |w 2019-11-18  |y BK  |k LIT 
952 |0 0  |1 0  |3 erb  |4 0  |6 001_420000000000000_NOW_1981  |7 0  |8 X  |9 243433  |a FDOBUD  |b FDOBUD  |e Valenzuela Fuenzalida, Alvaro Miguel, 1932-  |i 5203104  |o 001.42 NOW 1981  |p 5203104  |r 2019-11-18  |w 2019-11-18  |y BK_X  |z Catalogado en:20150827  |k FHP